| 000 | 00418pab a2200157 454500 | ||
|---|---|---|---|
| 008 | 180718b2004 xxu||||| |||| 00| 0 eng d | ||
| 100 | _aGoel, K.C. | ||
| 245 | _aMaking prudential norms more strict: classification and valuation of banks' investments | ||
| 260 | _c2004 | ||
| 300 | _ap.222-26,228. | ||
| 362 | _aMar | ||
| 650 | _aBanks | ||
| 700 | _aGarg, Anju | ||
| 773 | _aManagement Accountant | ||
| 909 | _a59819 | ||
| 999 |
_c59819 _d59819 |
||